00000000cam 2200000zi 4500
0019.852400
003CaOODSP
00520260506104752
006m     o  d f      
007cr |||||||||||
008180226s1976    onc     o    f000 0 eng d
040 |aCaOODSP|beng|erda|cCaOODSP
043 |an-cn--
0861 |aR32-427/1976E-PDF
24500|aMétis claims research and funding / |cOffice of Native Claims.
264 1|a[Ottawa] : |b[Indian and Northern Affairs], |c1976.
300 |a1 online resource (1 volume in various pagings)
336 |atext|btxt|2rdacontent
337 |acomputer|bc|2rdamedia
338 |aonline resource|bcr|2rdacarrier
500 |aDigitized edition from print [produced by Indigenous and Northern Affairs Canada].
500 |a"Claims and Historical Research Centre: S.32" -- on cover.
520 |aThis file contains a governmental report (1976) on the legal and funding aspects of Métis claims. It discusses the nature of claims and the possible basis for these claims.
650 0|aMétis|xClaims|xLaw and legislation.
650 6|aMétis|xRéclamations|xDroit.
650 0|aMétis|zCanada|xGovernment relations.
650 6|aNation Métis|zCanada|xRelations avec l'État.
7101 |aCanada. |bOffice of Native Claims, |eissuing body.
7101 |aCanada. |bIndian and Northern Affairs Canada, |eissuing body.
85640|qPDF|s3440 KB|uhttps://publications.gc.ca/collections/collection_2026/rcaanc-cirnac/R32-427-1976-eng.pdf